| 000 | 00859cam a2200253 a 4500 | ||
|---|---|---|---|
| 001 | 000015988 | ||
| 005 | 20240514073717.0 | ||
| 008 | 000719s1999 ck b 000 0 spa d | ||
| 020 | _a9588017327 | ||
| 040 |
_aDO-SdBNP _bspa _cBNPHU |
||
| 082 |
_a174.957 _bC394b |
||
| 100 | 1 |
_aCely Galindo, Gilberto, _d1944- _935918 |
|
| 245 | 1 | 3 |
_aLa bioética en la sociedad del conocimiento : _blos pobres del tercer milenio son los que no acceden al conocimiento / _cGilberto Cely Galindo. |
| 260 |
_aSantafé de Bogotá : _b3R. Editores, _c1999. |
||
| 300 |
_a338 p. ; _c24 cm. |
||
| 490 | 1 | _aBioética | |
| 504 | _aIncluye referencias bibliográficas (p. 333-338). | ||
| 650 | 4 |
_aBioética _9236 |
|
| 650 | 4 |
_aCiencias de la vida _935919 |
|
| 650 | 0 |
_aÉtica _9509 |
|
| 650 | 4 |
_aTeoría del conocimiento _913 |
|
| 830 | 0 |
_aBioética _935920 |
|
| 910 | _aEn proceso | ||
| 999 |
_c15530 _d15530 |
||